000
00319nam a22001337a 4500
008
170602b xxu||||| |||| 00| 0 eng d
020
_a
9780312439460
041
_a
eng
080
_2
2ND
_a
94(100)
100
_a
17
101
_a
SHH
245
_a
THE MAKING OF THE WEST PEOPLE'S AND CULTURES
_c
HUNT,L
942
_2
udc
_c
BK
999
_c
15645
_d
15645